<?xml version="1.0" encoding="UTF-8"?><?xml-stylesheet type="text/xsl" href="static/style.xsl"?><OAI-PMH xmlns="http://www.openarchives.org/OAI/2.0/" xmlns:xsi="http://www.w3.org/2001/XMLSchema-instance" xsi:schemaLocation="http://www.openarchives.org/OAI/2.0/ http://www.openarchives.org/OAI/2.0/OAI-PMH.xsd"><responseDate>2026-04-30T05:10:09Z</responseDate><request verb="GetRecord" identifier="oai:uvadoc.uva.es:10324/65407" metadataPrefix="marc">https://uvadoc.uva.es/oai/request</request><GetRecord><record><header><identifier>oai:uvadoc.uva.es:10324/65407</identifier><datestamp>2024-01-31T20:02:58Z</datestamp><setSpec>com_10324_38</setSpec><setSpec>col_10324_852</setSpec></header><metadata><record xmlns="http://www.loc.gov/MARC21/slim" xmlns:doc="http://www.lyncode.com/xoai" xmlns:xsi="http://www.w3.org/2001/XMLSchema-instance" xmlns:dcterms="http://purl.org/dc/terms/" xsi:schemaLocation="http://www.loc.gov/MARC21/slim http://www.loc.gov/standards/marcxml/schema/MARC21slim.xsd">
<leader>00925njm 22002777a 4500</leader>
<datafield tag="042" ind1=" " ind2=" ">
<subfield code="a">dc</subfield>
</datafield>
<datafield tag="720" ind1=" " ind2=" ">
<subfield code="a">Sáez Blanco, Karla</subfield>
<subfield code="e">author</subfield>
</datafield>
<datafield tag="260" ind1=" " ind2=" ">
<subfield code="c">2023</subfield>
</datafield>
<datafield tag="520" ind1=" " ind2=" ">
<subfield code="a">En la actualidad los gustos y los hábitos lectores de los niños han cambiado, ya que la&#xd;
sociedad cambia y con ello todo lo relacionado con la lectura.&#xd;
En el siguiente TFG se muestra lo que es el hábito lector, así como formas de&#xd;
fomentarlo, por qué es importante tener un buen hábito lector o en qué ámbitos hay que&#xd;
fomentar la lectura.&#xd;
Este TFG también cuenta con el estudio de la evolución del hábito lector realizado en&#xd;
población de distintas generaciones desde 1960 hasta ahora, para comprobar la evolución del&#xd;
hábito lector a lo largo de los años en Castilla y León.</subfield>
</datafield>
<datafield tag="024" ind2=" " ind1="8">
<subfield code="a">https://uvadoc.uva.es/handle/10324/65407</subfield>
</datafield>
<datafield tag="245" ind1="0" ind2="0">
<subfield code="a">Evolución del hábito lector en Castilla y León desde 1970 hasta la actualidad</subfield>
</datafield>
</record></metadata></record></GetRecord></OAI-PMH>